Hodnotenie udržateľného rozvoja na Slovensku

Udržateľný rozvoj a Európska únia. Meranie udržateľného rozvoja. Udržateľnosť ako nástroj zvyšovania konkurencieschopnosti. Indikátory udržateľného rozvoja. Modelovanie a hodnotenie udržateľného rozvoja. Model hodnotenia indikátorov udržateľného rozvoja.

Saved in:
Bibliographic Details
Main Author: Kollár, Vojtech
Format: Book Chapter
Language:Slovak
Subjects:
Tags: Add Tag
No Tags, Be the first to tag this record!

MARC

LEADER 00000naa$a2200000$$$4500
001 0166884
005 20240502072916.8
041 0 |a slo 
044 |a SK 
245 1 0 |a Hodnotenie udržateľného rozvoja na Slovensku  |c Vojtech Kollár 
520 |a Udržateľný rozvoj a Európska únia. Meranie udržateľného rozvoja. Udržateľnosť ako nástroj zvyšovania konkurencieschopnosti. Indikátory udržateľného rozvoja. Modelovanie a hodnotenie udržateľného rozvoja. Model hodnotenia indikátorov udržateľného rozvoja. 
610 2 0 |a rozvoj trvalo udržateľný 
610 2 0 |a rozvoj hospodársky 
610 2 0 |a rast hospodársky 
610 2 0 |a rozvoj regionálny 
610 2 0 |a ochrana prostredia životného 
610 2 0 |a zodpovednosť 
610 2 0 |a politika sociálna 
610 2 0 |a modely 
100 1 |a Kollár, Vojtech